"Frozen" Songs - Statistics

General Stats
  • This quiz has been taken 3,535 times
  • The average score is 7 of 9
Answer Stats
Hint Answer % Correct
"__ ___ ____ __ _____ _ _______? Come on let's go and play. I never see you anymore, come out the door, it's like you've gone away!" Do you Want to Build a Snowman?
95%
"The snow glows white on the mountain tonight, not a footprint to be seen. A kingdom of isolation, and it looks like... I'm the queen." Let it Go
95%
"OK, can I just say something... crazy? I love crazy! All my life has been a series of doors in my face, and suddenly I bump into you." Love is an Open Door
87%
"The bees will buzz, kids will blow dandelion fuzz, and I'll be doing whatever snow does __ _____." In Summer
84%
"The window is open, and so is that door. I didn't know they did that anymore. Who knew we owned 8,000 salad plates?" For the First Time in Forever
81%
"Born of cold and winter air and mountain rain combining...""Split the ice apart, and break the ______ _____." Frozen Heart
68%
"_________ ___ ______ ____ ______. Sven, don't ya think that's true? Yeah, people will beat you, and curse you, and cheat you. Every one of them's bad, except you." Reindeer(s) are Better Than People
67%
"Is it the clumpy way he walks? Or the grumpy way he talks? Or the pear-shaped square-shaped weirdness of his feet?" Fixer Upper
64%
"Please don't shut me out again, please don't slam the door, you don't have to keep your distance anymore" (Reprise) For the First Time in Forever
61%
No matching quizzes found
Score Distribution
Percent of People with Each Score
Percentile by Number Answered
Your Score History
You have not taken this quiz